| 000 | 00674nam a2200229Ia 4500 | ||
|---|---|---|---|
| 003 | GCL | ||
| 008 | 140319s9999 xx 000 0 ara d | ||
| 040 |
_aGCL / _cGCL |
||
| 082 | 0 | 4 |
_a502 _bك ت |
| 245 | 1 | 0 | _aتاريخ العلوم عند العرب |
| 260 |
_aبيروت : _bدار الفكر اللبنانى ، _c1990 |
||
| 300 |
_a186 ص ؛ _c24 سم |
||
| 490 | _a | ||
| 650 | 0 | 4 | _aالفلسفة |
| 650 | 0 | 4 | _aالمنطق |
| 650 | 0 | 4 | _aتاريخ العلوم |
| 650 | 0 | 4 | _aالرياضيات العربية |
| 650 | 0 | 4 | _aالرياضيات - فلسفة |
| 650 | 0 | 4 | _aالطب - تاريخ |
| 650 | 0 | 4 | _aالرياضيات - تاريخ |
| 942 |
_2ddc _cBK |
||
| 999 |
_c59126 _d59126 |
||